Các nguyên tắc phát âm và luyện phát âm tiếng Hàn
Spremljeno u:
| Format: | Knjiga |
|---|---|
| Jezik: | Undetermined |
| Izdano: |
Thành phố Hồ Chí Minh
Trẻ
2004
|
| Teme: | |
| Oznake: |
Dodaj oznaku
Bez oznaka, Budi prvi tko označuje ovaj zapis!
|
| Thư viện lưu trữ: | Trung tâm Học liệu Trường Đại học Cần Thơ |
|---|
| LEADER | 00608nam a2200181Ia 4500 | ||
|---|---|---|---|
| 001 | CTU_93571 | ||
| 008 | 210402s9999 xx 000 0 und d | ||
| 020 | |c 22000 | ||
| 082 | |a 495.7 | ||
| 082 | |b C101 | ||
| 245 | 0 | |a Các nguyên tắc phát âm và luyện phát âm tiếng Hàn | |
| 245 | 0 | |c Lê Huy Khoa (Tổng hợp, và biên soạn) | |
| 260 | |a Thành phố Hồ Chí Minh | ||
| 260 | |b Trẻ | ||
| 260 | |c 2004 | ||
| 650 | |a Korean language | ||
| 904 | |i Nguyên (Tuyến sửa cutter Kh401 thành C101) | ||
| 980 | |a Trung tâm Học liệu Trường Đại học Cần Thơ | ||